| 000 | | | 03901nac2a22002771x 450 |
| 001 | | | b78308bd-76af-4d99-939f-c1213157c923 |
| 005 | | | 20160506150139.0 |
| 100 | ## | $a | 20160329l19171917k y0rusy50 ca |
| 101 | 0# | $a | rus |
| 102 | ## | $a | RU |
| 105 | ## | $a | y z |||e| |
| 122 | 2# | $a | d19170828 |
| | $a | d19171005 |
| 200 | 1# | $a | Переписка с Черниговским губернским комиссаром о заготовке материалов для выборов в Учредительное собрание по Черниговскому избирательному округу |
| | $j | 28 августа - 5 октября 1917 |
| 215 | ## | $a | 6 листов |
| 251 | ## | $c | Дело |
| 300 | ## | $a | В деле имеются телеграммы |
| 300 | ## | $a | Машинописный текст |
| 324 | ## | $a | В деле имеются копии отдельных документов |
| 330 | ## | $a | Входит в раздел описи: Секретарская часть. VII отделение. I. Подготовка к выборам Учредительного собрания |
| 461 | #0 | $1 | 001f38943d8-1b5d-49e2-9def-25c6f5c8d56c |
| | $1 | 2001 |
| | $a | ДЕПАРТАМЕНТ ОБЩИХ ДЕЛ МИНИСТЕРСТВА ВНУТРЕННИХ ДЕЛ ВРЕМЕННОГО ПРАВИТЕЛЬСТВА |
| | $1 | 251 |
| | $c | Фонд |
| | $1 | 852 |
| | $j | 1800 |
| 462 | #0 | $1 | 001d7744de3-3264-4c7e-8223-d1d849bb701e |
| | $1 | 2001 |
| | $a | 1917 г. |
| | $v | Д. 252 |
| | $1 | 251 |
| | $c | Опись |
| | $1 | 852 |
| | $j | 1 |
| 601 | 02 | $a | Департамент общих дел Министерства внутренних дел Временного правительства |
| 601 | 02 | $3 | RU\NLR\AUTH\8810361 |
| | $a | Всероссийское учредительное собрание |
| | $c | 1918 |
| 801 | #0 | $a | RU |
| | $b | GA_RF |
| 801 | #1 | $a | RU |
| | $b | НПО Опыт |
| | $c | 20160329 |
| | $2 | rusmarc |
| 801 | #2 | $a | RU |
| | $b | ПБ им. Б.Н. Ельцина |
| | $c | 20160506 |
| | $g | RCR |
| | $2 | rusmarc |
| 852 | ## | $a | ГА РФ |
| | $j | 252 |
| 937 | ## | $d | 73962655 |
| | $h | ПБ |
| 035 | ## | $a | RuPRLIB51037503 |